| 000 | 02628nkm0a2200493 4500 | ||
|---|---|---|---|
| 001 | RU\NLR\BIBL_A\022645372 | ||
| 005 | 20260331163150.0 | ||
| 035 | _a(NLR Aleph) 022645372 | ||
| 090 |
_a88973 _c88973 |
||
| 100 | _a20251016d1944 u y0rusy50 ca | ||
| 101 | 0 | _arus | |
| 102 | _aRU | ||
| 116 | _aiiycxx bg ad | ||
| 135 | _acrcn 024anaba | ||
| 181 | 0 |
_ab4 _bxb2e |
|
| 182 | 0 | _an | |
| 200 | 1 |
_aСлава воинам Ленинградского фронта! _e[плакат] _fхудожник А. Андреев |
|
| 203 |
_aИзображение _bнеподвижное _bдвухмерное _bвизуальное _cнепосредственное |
||
| 210 |
_aКронштадт _cДВМФ _d1944 |
||
| 215 |
_a1 л. _cцв. линогравюра _d46,5х36,5 |
||
| 300 | _aНад изобр. справа вверху текст: "Смерть немецким оккупантам!" | ||
| 325 | _aКопия доступна в Электрон. б-ке РНБ | ||
| 601 | 0 | 2 |
_aИсаакиевский собор _cЛенинград, город _xИстория _jПлакаты _2nlr_sh1 _2nlr_sh2 _3RU\NLR\AUTH\66503528 |
| 606 | 1 |
_aПлакат русский советский _z1941 - 1945 _2nlr_sh2 _3RU\NLR\AUTH\661423877 |
|
| 606 | 1 |
_aВеликая Отечественная война _z1941 - 1945 _jПлакаты _2nlr_sh1 _2nlr_sh2 _3RU\NLR\AUTH\668893 |
|
| 607 |
_aАдмиралтейство (Ленинград, город) _jПлакаты _2nlr_sh1 _3RU\NLR\AUTH\661423213 |
||
| 686 | _aЩ153(2Р=Рус)7-466 | ||
| 700 | 1 |
_aАндреев _bА. С. _cхудожник, плакатист _f1909- _gАнатолий Степанович _3RU\NLR\AUTH\770288928 _4040 |
|
| 712 | 0 | 2 |
_aКронштадтский дом Военно-морского флота _3RU\NLR\AUTH\889937429 _4650 |
| 852 | 0 | 0 |
_aNLR _bЭ _jПлИр995/4-339 _mЭ086341 |
| 852 | 0 | 0 |
_aNLR _bЭ _jПлИр995/4-256 _mЭ058801 |
| 852 | 0 | 0 |
_aNLR _bЭ _jПлИр995/4-262 _mЭ058812 |
| 856 | 0 | _uhttps://vivaldi.nlr.ru/la000070860/view | |
| 856 | 1 | _uhttps://vivaldi.nlr.ru/la000070860/cover | |
| 856 | 2 | _uhttps://vivaldi.nlr.ru/la000070860/text | |
| 901 | _eИзографические материалы | ||
| 942 | _cVISUAL | ||
| 945 | _aРоссийская национальная библиотека | ||
| 980 | _aBV | ||
| 980 | _aNB | ||
| 981 | 1 | 7 |
_a(17) Изографические материалы _b(17) Плакаты |